| 000 | 00339nam a22001457a 4500 | ||
|---|---|---|---|
| 020 | _a8178086255 | ||
| 082 |
_a631.4 _bBRA/TH |
||
| 100 |
_aBrady,Nyle C. _9785 |
||
| 100 |
_aWell,Ray R. _9786 |
||
| 245 | _aThe Nature and Properties of Soils | ||
| 250 | _a13 th | ||
| 260 |
_aDelhi _bPearson Education _c2005 |
||
| 300 | _a976 | ||
| 942 | _cBK | ||
| 999 |
_c14466 _d14466 |
||